| 000 | 00000nam##2200000za#4500 |
| 001 | 9.606939 |
| 003 | CaOODSP |
| 005 | 20220623130826 |
| 007 | cr ||||||||||| |
| 008 | 150406|2009||||xxc|||||o f|0| 0 fre|d |
| 040 | |aCaOODSP|bfre |
| 043 | |an-cn--- |
| 086 | 1 |aH117-5/30-2009F-PDF |
| 110 | 1 |aCanada. |bInstitut canadien d'information sur la santé. |
| 245 | 10|aNiveaux de soins alternatifs au Canada |h[ressource électronique] |
| 260 | |aOttawa - Ontario : |bInstitut canadien d'information sur la santé |cLe 14 janvier 2009. |
| 300 | |a23p.|bfigures, graphiques, carte, références, tableaux |
| 490 | 1 |aAnalyse en bref |
| 590 | |a14-09-Supp|b2014-04-23 |
| 691 | 07|aQualité des soins de santé|2gcpds |
| 691 | 07|aRégime de soins de santé|2gcpds |
| 775 | 08|tAlternate level of care in Canada |w(CaOODSP)9.579549 |
| 830 | #0|aAnalyse en bref (Statistique Canada)|w(CaOODSP)9.503377 |
| 856 | 40|ahttp://publications.gc.ca|qPDF|s605 Ko|uhttps://publications.gc.ca/collections/collection_2014/icis-cihi/H117-5-30-2009-fra.pdf |